Το γλωσσικό έργο του Σταμάτη Κ. Καρατζά

Αποθηκεύτηκε σε:
Λεπτομέρειες βιβλιογραφικής εγγραφής
Κύριος συγγραφέας: Μηνάς, Κωνσταντίνος
Μορφή: Βιβλίο
Γλώσσα:Greek
Δημοσίευση: Ιωάννινα : Φιλοσοφική Σχολή Πανεπιστημίου Ιωαννίνων, 1986
Θέματα:
Ετικέτες: Προσθήκη ετικέτας
Δεν υπάρχουν, Καταχωρήστε ετικέτα πρώτοι!

MARC

LEADER 00000nam a2200000 i 4500
001 1/11536
008 000912s1986 gre d
035 |l 10063868 
040 |a GR-MY-UA  |b gre  |e aacr 
041 0 |a gre 
082 0 |a 489.30 
100 1 |a Μηνάς, Κωνσταντίνος. 
245 1 3 |a Το γλωσσικό έργο του Σταμάτη Κ. Καρατζά  |h [ανάτυπο] /  |c Κων. Μηνά 
260 |a Ιωάννινα :   |b Φιλοσοφική Σχολή Πανεπιστημίου Ιωαννίνων,   |c 1986 
300 |a 26 σ. ;  |c 24 cm 
500 |a Από το περιοδικό " Δωδώνη : Φιλολογία" τόμος ΙΕ' (1986), Επιστημονική Επετηρίδα της Φιλοσοφικής Σχολής του Πανεπιστημίου Ιωαννίνων 
600 1 0 |a Καρατζάς, Σταμάτης Κ.,   |d 1913-1986. 
650 0 0 |a Linguistics  |z Greece. 
852 |a INST  |b RHODES  |e 20000912  |h 489.30 ΜΗΝ  |p 005400013434  |q 005400013434  |t BK  |y 0 
901 |a BIBL4-2000-3 
909 |a Ρ  |b 078522 
922 |a 4ΔΩΡ  |b 200004 
970 |z 2000/09/ΣΟΦΙΑ